00512nam a2200181 a 450000500170000000800410001705000130005824500250007165000250009665000260012165000290014765000310017665000280020765000260023565000190026165000260028065000240030620140414132048.0110325s19uu xx 00 eng d aDVDbM28 aAng mahiwagang Baul. aAng alamat ng palaka aAng alamat ng bayabas aAng alamat ng sampaguita aAng prinsesa at and Alipin aAng alamat ng alitaptap aAng alamat ng tiyanak aFlying kariton aAng alamat ng gagamba aAng alamat ng parol